| 000 | 00727nam a22002292 4500 | ||
|---|---|---|---|
| 001 | 0000001735 | ||
| 005 | 20151217151826.0 | ||
| 008 | 070326s xx 000 0 eng d | ||
| 020 |
_a0198775385 : _cKES 5,099 |
||
| 040 |
_aKABU _cKABU |
||
| 050 | 0 |
_aHD30.22 _b.C47 |
|
| 100 | 1 |
_aChrystal, K. Alec. _@0000150726 |
|
| 245 | 1 | 0 |
_aEconomics for business and management / _cK. Alec Chrystal and Richard G. Lipsey. |
| 260 |
_aOxford : _bOUP, _c1997. |
||
| 300 | _axvi, 720 p. | ||
| 650 | 0 |
_aManagerial economics. _@0000150546 |
|
| 700 | 1 |
_aLipsey, Richard G. _@0000150372 |
|
| 852 | 1 | _9p3050 KES | |
| 908 | _a070326 | ||
| 950 | _@1 | ||
| 999 |
_c5422 _d5422 |
||